000 01224nam0a22003011 4500
001 rc\3028153
005 20250806201553.0
035 _a(NLR Aleph) 007169272
090 _a9856
_c9856
100 _a20110930d1945 u y0rusy50 ca
101 0 _arus
102 _aRU
105 _aa z |||||
200 1 _aАрхитектурно-художественная отделка зданий
_fА.И. Порадия
_gПод общ. ред. А.И. Гегелло, И.И. Фомина, В.Ф. Райлян
210 _aЛенинград
_aМосква
_cИскусство
_d1945
_eЛенинград
_gТип. "Печатный двор"
215 _a254 с., 3 л. ил.
_cил., черт.
_d21 см
700 1 _aПорадия
_bА.И.
_gАнтон Иосифович
702 1 _aГегелло
_bА.И.
_4340
702 1 _aФомин
_bИ.И.
_cд-р архитекторы
_f1904-1989
_gИгорь Иванович
_3RU\NLR\AUTH\7718299
_4340
702 1 _aРайлян
_bВ.Ф.
_4340
801 0 _aRU
_bNLR
_gpsbo
801 1 _aRU
_bELAR
_2rusmarc
852 _aNLR
_jИс20 Г-3/2
942 _cBOOK
945 _aРоссийская национальная библиотека
980 _aNB
980 _aBV